000 00377nam a22001457a 4500
020 _a9788122421590
082 _a628.
_bANU/PE
100 _aAnubha, Kaushik
_9808
100 _aKaushik,C.P
_9809
245 _aPerspectives in Environmental Studies
250 _a3 rd
260 _aNew Delhi
_bNew Age International (P) limited, Publishers
_c2012
300 _a309
942 _cBK
999 _c14474
_d14474